Использование метода двухэнергетической радиографии в сканирующей установке для контроля ручной клади и багажа; Становление и развитие научных исследований в высшей школе; Т. 2

Detalles Bibliográficos
Parent link:Становление и развитие научных исследований в высшей школе: сборник трудов Международной научной конференции, посвященной 100-летию со дня рождения профессора А. А. Воробьева, Томск, 14-16 сентября 2009 г./ Российская академия наук (РАН) ; Ассоциация инженерного образования России (АИОР) ; Томский политехнический университет (ТПУ).— , 2009.— 978-598298-543-9
Т. 2.— 2009.— С. 142-143
Outros autores: Щетинкин С. А., Аметов В. И., Чахлов С. В. Сергей Владимирович, Усачёв В. Е., Лебедев М. Б., Чумаков Д. М.
Idioma:ruso
Publicado: 2009
Subjects:
Formato: Capítulo de libro
KOHA link:https://koha.lib.tpu.ru/cgi-bin/koha/opac-detail.pl?biblionumber=194480

MARC

LEADER 00000naa2a2200000 4500
001 194480
005 20231222112133.0
035 |a (RuTPU)RU\TPU\book\212107 
090 |a 194480 
100 |a 20110416d2009 k y0rusy50 ca 
101 0 |a rus 
102 |a RU 
200 1 |a Использование метода двухэнергетической радиографии в сканирующей установке для контроля ручной клади и багажа  |f С. А. Щетинкин [и др.] 
461 1 |0 (RuTPU)RU\TPU\book\209137  |y 978-598298-543-9  |t Становление и развитие научных исследований в высшей школе  |o сборник трудов Международной научной конференции, посвященной 100-летию со дня рождения профессора А. А. Воробьева, Томск, 14-16 сентября 2009 г.  |f Российская академия наук (РАН) ; Ассоциация инженерного образования России (АИОР) ; Томский политехнический университет (ТПУ)  |d 2009 
463 0 |0 (RuTPU)RU\TPU\book\208673  |y 978-5-98298-547-7  |t Т. 2  |v С. 142-143  |d 2009  |p 462 с. 
610 1 |a сканирующие устройства 
610 1 |a контроль 
610 1 |a двухэнергетическая радиография 
610 1 |a ручная кладь 
610 1 |a багаж 
610 1 |a системы 
610 1 |a изображения 
610 1 |a труды учёных ТПУ 
701 1 |a Щетинкин  |b С. А. 
701 1 |a Аметов  |b В. И. 
701 1 |a Чахлов  |b С. В.  |c физик  |c заведующий лабораторией Томского политехнического университета, кандидат физико-математических наук  |f 1956-  |g Сергей Владимирович  |3 (RuTPU)RU\TPU\pers\28200  |9 13154 
701 1 |a Усачёв  |b В. Е. 
701 1 |a Лебедев  |b М. Б. 
701 1 |a Чумаков  |b Д. М. 
801 1 |a RU  |b 63413507  |c 20110416 
801 2 |a RU  |b 63413507  |c 20111110  |g RCR 
942 |c BK